| 000 | 00387nam a22001697a 4500 | ||
|---|---|---|---|
| 005 | 20180530114645.0 | ||
| 008 | 160521b xxu||||| |||| 00| 0 eng d | ||
| 020 | _a978-0-07-008327-1 | ||
| 041 | _aeng | ||
| 082 |
_b3872 _a519.5 |
||
| 100 |
_aDas N.G. _9981 |
||
| 245 | _aStatistical Methods | ||
| 260 |
_aNew Delhi _bTMH, |
||
| 300 | _a907 | ||
| 650 |
_aManagement _9241 |
||
| 942 | _cBK | ||
| 999 |
_c1334 _d1334 |
||